000 00546nam a2200229#a 4500
001 00866
003 HDC
007 ta
008 230623s2008 xx 000 0 eng d
020 _a9789812587169 (pbk.).
040 _aHDC
050 _aref DT 45
_b.I57 2008
245 0 _aInsight guides :
_bEgypt
264 _aSingapore :
_bAPA Publications,
_c2008
300 _a352p. :
_b ill. ;
_c 22cm
500 _aIncludes index.
650 _aEgypt
_xGuidebooks
942 _2lcc
942 _cBK
942 _kref DT 45
942 _m.I57 2008
999 _c22472
_d22472